000 00633cam a22002173a 4500
001 43409
003 PGUSA
005 20140828084004.0
008 130807s2013||||xxu|||||s|||||000 | eng d
040 _aPGUSA
_beng
042 _adc
100 1 _aTolstoy, Leo, graf,
_d1828-1910
245 1 4 _aThe Kingdom of God is Within You, What is Art
_h[electronic resource] /
_cLeo, graf Tolstoy
260 _bProject Gutenberg,
_c2013
506 _aPublic domain in the USA.
516 _aElectronic text
700 1 _aDelano, Aline
830 0 _aProject Gutenberg
_v43409
856 4 0 _uhttp://www.gutenberg.org/ebooks/43409
942 _cEB
999 _c272660
_d272660